<?xml version="1.0" encoding="UTF-8"?>
<record
    xmlns:xsi="http://www.w3.org/2001/XMLSchema-instance"
    xsi:schemaLocation="http://www.loc.gov/MARC21/slim http://www.loc.gov/standards/marcxml/schema/MARC21slim.xsd"
    xmlns="http://www.loc.gov/MARC21/slim">

  <leader>00924nam a2200253I  4500</leader>
  <controlfield tag="001">2391</controlfield>
  <controlfield tag="003">BD-RjUL</controlfield>
  <controlfield tag="005">20211208233535.0</controlfield>
  <controlfield tag="008">131211r19641948mau           00110 eng d</controlfield>
  <datafield tag="035" ind1=" " ind2=" ">
    <subfield code="a">(BD-RjUL)2418</subfield>
  </datafield>
  <datafield tag="040" ind1=" " ind2=" ">
    <subfield code="a">PLF</subfield>
    <subfield code="c">PLF</subfield>
    <subfield code="d">BOS</subfield>
    <subfield code="d">BD-RjUL</subfield>
    <subfield code="b">eng</subfield>
  </datafield>
  <datafield tag="041" ind1="1" ind2=" ">
    <subfield code="a">engfre</subfield>
  </datafield>
  <datafield tag="082" ind1="0" ind2="4">
    <subfield code="2">16</subfield>
    <subfield code="a">330.109</subfield>
    <subfield code="b">GIH 1964</subfield>
  </datafield>
  <datafield tag="090" ind1=" " ind2=" ">
    <subfield code="a">HB75</subfield>
    <subfield code="b">.F471</subfield>
  </datafield>
  <datafield tag="100" ind1="1" ind2="0">
    <subfield code="a">Gide, Charles,</subfield>
    <subfield code="d">1847-1932.</subfield>
    <subfield code="9">7758</subfield>
  </datafield>
  <datafield tag="245" ind1="0" ind2="2">
    <subfield code="a">A history of economic doctrines from the time of the physiocrats tothe present day /</subfield>
    <subfield code="c">by Charles Gide and Charles Rist. Authorized translation by R. Richards.</subfield>
  </datafield>
  <datafield tag="250" ind1=" " ind2=" ">
    <subfield code="a">2d English ed., with additional matter from the latest [6th &amp; 7th] French editions translated by Ernest R. Row.</subfield>
  </datafield>
  <datafield tag="260" ind1=" " ind2=" ">
    <subfield code="a">Boston :</subfield>
    <subfield code="b">Heath,</subfield>
    <subfield code="c">1948 [Reprinted 1964].</subfield>
  </datafield>
  <datafield tag="300" ind1=" " ind2=" ">
    <subfield code="a">800 p. ;</subfield>
    <subfield code="c">22 cm.</subfield>
  </datafield>
  <datafield tag="504" ind1=" " ind2=" ">
    <subfield code="a">Includes index.</subfield>
  </datafield>
  <datafield tag="650" ind1=" " ind2="0">
    <subfield code="a">Economics</subfield>
    <subfield code="x">History.</subfield>
    <subfield code="9">5844</subfield>
  </datafield>
  <datafield tag="700" ind1="1" ind2="0">
    <subfield code="a">Rist, Charles,</subfield>
    <subfield code="d">1874-1955.</subfield>
    <subfield code="9">7759</subfield>
  </datafield>
  <datafield tag="942" ind1=" " ind2=" ">
    <subfield code="2">ddc</subfield>
    <subfield code="c">BK</subfield>
  </datafield>
  <datafield tag="999" ind1=" " ind2=" ">
    <subfield code="c">2391</subfield>
    <subfield code="d">2391</subfield>
  </datafield>
  <datafield tag="952" ind1=" " ind2=" ">
    <subfield code="0">0</subfield>
    <subfield code="1">0</subfield>
    <subfield code="2">ddc</subfield>
    <subfield code="4">0</subfield>
    <subfield code="7">0</subfield>
    <subfield code="8">NFIC</subfield>
    <subfield code="a">RUCL</subfield>
    <subfield code="b">RUCL</subfield>
    <subfield code="c">Stack</subfield>
    <subfield code="d">1968-06-04</subfield>
    <subfield code="e">Zeittinger</subfield>
    <subfield code="g">23.00</subfield>
    <subfield code="l">0</subfield>
    <subfield code="o">330.109 GIH 1964</subfield>
    <subfield code="r">2013-12-11 00:00:00</subfield>
    <subfield code="t">C-5</subfield>
    <subfield code="w">2021-12-08</subfield>
    <subfield code="y">BK</subfield>
  </datafield>
  <datafield tag="952" ind1=" " ind2=" ">
    <subfield code="0">0</subfield>
    <subfield code="1">0</subfield>
    <subfield code="2">ddc</subfield>
    <subfield code="4">0</subfield>
    <subfield code="7">0</subfield>
    <subfield code="8">NFIC</subfield>
    <subfield code="a">RUCL</subfield>
    <subfield code="b">RUCL</subfield>
    <subfield code="c">Stack</subfield>
    <subfield code="d">1967-05-22</subfield>
    <subfield code="e">Grenich Agency </subfield>
    <subfield code="g">20.00</subfield>
    <subfield code="l">0</subfield>
    <subfield code="o">330.109 GIH 1964</subfield>
    <subfield code="r">2013-12-11 00:00:00</subfield>
    <subfield code="t">C-4</subfield>
    <subfield code="w">2021-12-08</subfield>
    <subfield code="y">BK</subfield>
  </datafield>
  <datafield tag="952" ind1=" " ind2=" ">
    <subfield code="0">0</subfield>
    <subfield code="1">0</subfield>
    <subfield code="2">ddc</subfield>
    <subfield code="4">0</subfield>
    <subfield code="7">0</subfield>
    <subfield code="8">NFIC</subfield>
    <subfield code="a">RUCL</subfield>
    <subfield code="b">RUCL</subfield>
    <subfield code="c">Stack</subfield>
    <subfield code="d">1968-06-04</subfield>
    <subfield code="e">Zeetlinger</subfield>
    <subfield code="g">23.00</subfield>
    <subfield code="l">0</subfield>
    <subfield code="o">330.109 GIH 1964</subfield>
    <subfield code="r">2016-06-15 00:00:00</subfield>
    <subfield code="t">C-2</subfield>
    <subfield code="w">2016-06-15</subfield>
    <subfield code="y">BK</subfield>
  </datafield>
  <datafield tag="952" ind1=" " ind2=" ">
    <subfield code="0">0</subfield>
    <subfield code="1">0</subfield>
    <subfield code="2">ddc</subfield>
    <subfield code="4">0</subfield>
    <subfield code="7">0</subfield>
    <subfield code="8">NFIC</subfield>
    <subfield code="a">RUCL</subfield>
    <subfield code="b">RUCL</subfield>
    <subfield code="c">Stack</subfield>
    <subfield code="d">1968-06-04</subfield>
    <subfield code="e">Zeetlinger</subfield>
    <subfield code="g">23.00</subfield>
    <subfield code="l">0</subfield>
    <subfield code="o">330.109 GIH 1964</subfield>
    <subfield code="r">2016-06-15 00:00:00</subfield>
    <subfield code="t">C-3</subfield>
    <subfield code="w">2016-06-15</subfield>
    <subfield code="y">BK</subfield>
  </datafield>
  <datafield tag="952" ind1=" " ind2=" ">
    <subfield code="0">0</subfield>
    <subfield code="1">0</subfield>
    <subfield code="2">ddc</subfield>
    <subfield code="4">0</subfield>
    <subfield code="7">0</subfield>
    <subfield code="8">NFIC</subfield>
    <subfield code="a">RUCL</subfield>
    <subfield code="b">RUCL</subfield>
    <subfield code="c">Stack</subfield>
    <subfield code="d">1968-06-04</subfield>
    <subfield code="e">Zeetlinger</subfield>
    <subfield code="g">23.00</subfield>
    <subfield code="l">0</subfield>
    <subfield code="o">330.109 GIH 1964</subfield>
    <subfield code="r">2016-06-15 00:00:00</subfield>
    <subfield code="t">C-6</subfield>
    <subfield code="w">2016-06-15</subfield>
    <subfield code="y">BK</subfield>
  </datafield>
  <datafield tag="952" ind1=" " ind2=" ">
    <subfield code="0">0</subfield>
    <subfield code="1">0</subfield>
    <subfield code="2">ddc</subfield>
    <subfield code="4">0</subfield>
    <subfield code="7">0</subfield>
    <subfield code="8">NFIC</subfield>
    <subfield code="a">RUCL</subfield>
    <subfield code="b">RUCL</subfield>
    <subfield code="c">Stack</subfield>
    <subfield code="d">1968-06-04</subfield>
    <subfield code="e">Zeetlinger</subfield>
    <subfield code="g">23.00</subfield>
    <subfield code="l">0</subfield>
    <subfield code="o">330.109 GIH 1964</subfield>
    <subfield code="r">2016-06-15 00:00:00</subfield>
    <subfield code="t">C-7</subfield>
    <subfield code="w">2016-06-15</subfield>
    <subfield code="y">BK</subfield>
  </datafield>
  <datafield tag="952" ind1=" " ind2=" ">
    <subfield code="0">0</subfield>
    <subfield code="1">0</subfield>
    <subfield code="2">ddc</subfield>
    <subfield code="4">0</subfield>
    <subfield code="7">0</subfield>
    <subfield code="8">NFIC</subfield>
    <subfield code="a">RUCL</subfield>
    <subfield code="b">RUCL</subfield>
    <subfield code="c">Stack</subfield>
    <subfield code="d">1968-06-04</subfield>
    <subfield code="e">Zeetlinger</subfield>
    <subfield code="g">23.00</subfield>
    <subfield code="l">0</subfield>
    <subfield code="o">330.109 GIH 1964</subfield>
    <subfield code="r">2016-06-15 00:00:00</subfield>
    <subfield code="t">C-8</subfield>
    <subfield code="w">2016-06-15</subfield>
    <subfield code="y">BK</subfield>
  </datafield>
  <datafield tag="952" ind1=" " ind2=" ">
    <subfield code="0">0</subfield>
    <subfield code="1">0</subfield>
    <subfield code="2">ddc</subfield>
    <subfield code="4">0</subfield>
    <subfield code="7">0</subfield>
    <subfield code="8">NFIC</subfield>
    <subfield code="a">RUCL</subfield>
    <subfield code="b">RUCL</subfield>
    <subfield code="c">Stack</subfield>
    <subfield code="d">1968-06-04</subfield>
    <subfield code="e">Zeetlinger</subfield>
    <subfield code="g">23.00</subfield>
    <subfield code="l">0</subfield>
    <subfield code="o">330.109 GIH 1964</subfield>
    <subfield code="r">2016-06-15 00:00:00</subfield>
    <subfield code="t">C-9</subfield>
    <subfield code="w">2016-06-15</subfield>
    <subfield code="y">BK</subfield>
  </datafield>
  <datafield tag="952" ind1=" " ind2=" ">
    <subfield code="0">0</subfield>
    <subfield code="1">0</subfield>
    <subfield code="2">ddc</subfield>
    <subfield code="4">0</subfield>
    <subfield code="7">0</subfield>
    <subfield code="8">NFIC</subfield>
    <subfield code="a">RUCL</subfield>
    <subfield code="b">RUCL</subfield>
    <subfield code="c">Stack</subfield>
    <subfield code="d">1968-06-04</subfield>
    <subfield code="e">Zeetlinger</subfield>
    <subfield code="g">23.00</subfield>
    <subfield code="l">0</subfield>
    <subfield code="o">330.109 GIH 1964</subfield>
    <subfield code="r">2016-06-15 00:00:00</subfield>
    <subfield code="t">C-10</subfield>
    <subfield code="w">2016-06-15</subfield>
    <subfield code="y">BK</subfield>
  </datafield>
</record>
